Practical solid geometry / (Record no. 1498)
[ view plain ]
| 000 -LEADER | |
|---|---|
| fixed length control field | 00476cam a2200193ua 4500 |
| 041 ## - LANGUAGE CODE | |
| Language code of text/sound track or separate title | eng |
| 082 ## - DEWEY DECIMAL CLASSIFICATION NUMBER | |
| Classification number | 516.06 |
| Item number | DES/PR |
| 100 ## - MAIN ENTRY--AUTHOR NAME | |
| Personal name | Deshpande, D.L. |
| 245 ## - TITLE STATEMENT | |
| Title | Practical solid geometry / |
| 250 ## - EDITION STATEMENT | |
| Edition statement | 5 / |
| 260 ## - PUBLICATION, DISTRIBUTION, ETC. (IMPRINT) | |
| Place of publication | Trichur : |
| Name of publisher | Neo Saraswathi PTG. works , |
| Year of publication | 1961. |
| 300 ## - PHYSICAL DESCRIPTION | |
| Number of Pages | ; . |
| 700 1# - ADDED ENTRY--PERSONAL NAME | |
| Personal name | Rajaraman, S. |
| 942 ## - ADDED ENTRY ELEMENTS (KOHA) | |
| Koha item type | Books |
| Withdrawn status | Lost status | Damaged status | Home library | Current library | Date acquired | Full call number | Accession Number | Koha item type |
|---|---|---|---|---|---|---|---|---|
| KAUAET | KAUAET | 07/04/2012 | 516.06 | 4842 | Books |
